书目信息 |
| 题名: |
过剩研究
|
|
| 作者: | 迟学智 著 | |
| 分册: | ||
| 出版信息: | 长春 吉林人民出版社 2005 |
|
| 页数: | 341页 | |
| 开本: | 20cm | |
| 丛书名: | ||
| 单 册: | ||
| 中图分类: | F014.1 | |
| 科图分类: | ||
| 主题词: | 生产过剩--研究 , 生产过剩 | |
| 电子资源: | ||
| ISBN: | 7-206-03276-1 | |
| 000 | 00865nam0 2200277 45 | |
| 001 | 012005200033 | |
| 005 | 20070709151246.70 | |
| 010 | @a7-206-03276-1@dCNY22.50 | |
| 092 | @aCN@b470921 | |
| 100 | @a20051016d2005 em y0chiy0120 ea | |
| 101 | 0 | @achi |
| 102 | @aCN@b220000 | |
| 105 | @ay z 000yy | |
| 200 | 1 | @a过剩研究@9guo sheng yan jiu@f迟学智等著 |
| 205 | @a2版 | |
| 210 | @a长春@c吉林人民出版社@d2005 | |
| 215 | @a341页@d20cm | |
| 320 | @a有书目(第336~340页) | |
| 330 | @a吉林省哲学社会科学规划项目 | |
| 330 | @a本书分13章。书中指出了过剩经济理论的重要性;提出了个人需求存在饱和值的重要推论,介绍了分析非线性问题的基本方法;揭示了货币流通的基本规律等内容。 | |
| 606 | 0 | @a生产过剩@x研究 |
| 606 | 0 | @a生产过剩 |
| 690 | @aF014.1@v4 | |
| 701 | 0 | @a迟学智@9chi xue zhi@4著 |
| 801 | 0 | @aCN@bLZJBOOK@c20070709 |
| 905 | @a10447@dF014.1@e317=2 | |
| 过剩研究/迟学智等著.-2版.-长春:吉林人民出版社,2005 |
| 341页;20cm |
| ISBN 7-206-03276-1:CNY22.50 |
| 吉林省哲学社会科学规划项目.-本书分13章。书中指出了过剩经济理论的重要性;提出了个人需求存在饱和值的重要推论,介绍了分析非线性问题的基本方法;揭示了货币流通的基本规律等内容。 |
| ● |
| 相关链接 |
|
|
|
|
正题名:过剩研究
索取号:F014.1/317=2
 
预约/预借
| 序号 | 登录号 | 条形码 | 馆藏地/架位号 | 状态 | 备注 |
| 1 | 0562469 | 205624699 | 第一样本阅览室/ [索取号:F014.1/317=2] | 在馆 | |
| 2 | 0562470 | 205624706 | 第一借阅区/ [索取号:F014.1/317=2] | 在馆 | |
| 3 | 0562471 | 205624715 | 第一借阅区/ [索取号:F014.1/317=2] | 在馆 | |
| 4 | 0562472 | 205624724 | 第一借阅区/ [索取号:F014.1/317=2] | 在馆 | |
| 5 | 0562473 | 205624733 | 第一借阅区/ [索取号:F014.1/317=2] | 在馆 | |
| 6 | 0562474 | 205624742 | 第一借阅区/ [索取号:F014.1/317=2] | 在馆 | |
| 7 | 0562475 | 205624751 | 第一借阅区/ [索取号:F014.1/317=2] | 在馆 | |
| 8 | 0562476 | 205624760 | 第一借阅区/ [索取号:F014.1/317=2] | 在馆 |